POWODY, PRZEZ KTÓRE NIE OTWIERAMY SZYB W SAMOCHODZIE: - Statystyki

Ogólne statystyki
  • Ten quiz został rozwiązany 38 razy
  • Średni wynik to 2 z 6
Statystyki odpowiedzi
Odpowiedź % Poprawnych
WIATR
72%
OPADY
28%
TEMPERATURA
25%
OWADY
22%
HAŁAS
13%
BRZYDKI ZAPACH
9%
Nie znaleziono quizów pasujących do podanych kryteriów
Rozkład punktacji
Procent ludzi z każdym wynikiem
Percentyl według liczby udzielonych odpowiedzi
Twoja historia wyników
Nie rozwiązałeś tego quizu